[Event "2BLO 1718 Bindlach-Aktionär - Erfurter "]
[Site "?"]
[Date "2018.02.04"]
[Round "8.1"]
[White "Romanov, Evgeny"]
[Black "Petr, Martin"]
[Result "1-0"]
[WhiteElo "2621"]
[BlackElo "2469"]
[PlyCount "135"]
[EventDate "2018.??.??"]

1. c4 e5 2. Nc3 d6 3. g3 f5 4. Bg2 Nf6 5. d4 Be7 6. Nh3 O-O 7. O-O c6 8. b3 Qe8
9. Ba3 Na6 10. Qd2 Bd7 11. Rad1 Rd8 12. Qc1 Bc8 13. c5 exd4 14. cxd6 Bxd6 15.
Rxd4 Bxa3 16. Rxd8 Bxc1 17. Rxe8 Rxe8 18. Rxc1 Rd8 19. Nf4 Nc7 20. b4 Ne6 21.
Nd3 Rd4 22. Nb5 Rd8 23. Nxa7 Bd7 24. b5 Nd4 25. Kf1 cxb5 26. Bxb7 Be6 27. Nc6
Nxc6 28. Bxc6 Bxa2 29. Bxb5 g6 30. f3 Rb8 31. Rc5 Rb7 32. Ne5 Kg7 33. Kf2 Re7
34. Nd3 Bf7 35. h3 h5 36. Nf4 Ra7 37. Bd3 Nd7 38. Rb5 Kf6 39. h4 Ne5 40. Rb6+
Kg7 41. Bb5 Re7 42. Ba6 Rc7 43. Bb7 Rc5 44. Ra6 Nd7 45. Rd6 Nf6 46. Ba6 Rc7 47.
Bd3 Rc5 48. Ra6 Rc7 49. Ke3 Re7+ 50. Kd4 Rd7+ 51. Ke5 Re7+ 52. Kd4 Rd7+ 53. Ke3
Re7+ 54. Kf2 Rc7 55. Bb1 Nd5 56. Nh3 Rc1 57. Ng5 Rc7 58. Ra5 Nc3 59. Bd3 Nd1+
60. Ke1 Ne3 61. Re5 f4 62. Kf2 Nd1+ 63. Kg2 fxg3 64. Kxg3 Nb2 65. Be4 Na4 66.
f4 Nc5 67. Bf3 Kf6 68. Rxc5 1-0

[Event "2BLO 1718 Bindlach-Aktionär - Erfurter "]
[Site "?"]
[Date "2018.02.04"]
[Round "8.2"]
[White "Kriebel, Tadeas"]
[Black "Mihok, Oliver"]
[Result "0-1"]
[WhiteElo "2513"]
[BlackElo "2555"]
[PlyCount "60"]
[EventDate "2018.??.??"]

1. e4 c5 2. Nf3 e6 3. d4 cxd4 4. Nxd4 Nc6 5. Nc3 Qc7 6. Be2 a6 7. Be3 Nf6 8. a3
b5 9. Nxc6 dxc6 10. f4 Bb7 11. O-O Be7 12. e5 Rd8 13. Bd3 Nd7 14. Qg4 g6 15.
Ne4 c5 16. Ng5 Bd5 17. Rad1 Qc6 18. Nxf7 Kxf7 19. f5 exf5 20. Bxf5 Nxe5 21.
Be4+ Bf6 22. Qh4 Bxe4 23. Rxd8 Nf3+ 24. gxf3 Bxh4 25. Rxh8 Kg7 26. Rb8 Bxf3 27.
Bd2 Qe4 28. Bc3+ Kh6 29. Bd2+ Kh5 30. Rb7 Qg4# 0-1

[Event "2BLO 1718 Bindlach-Aktionär - Erfurter "]
[Site "?"]
[Date "2018.02.04"]
[Round "8.3"]
[White "Braeuer, Franz"]
[Black "Neuman, Petr"]
[Result "1/2-1/2"]
[WhiteElo "2407"]
[BlackElo "2440"]
[PlyCount "25"]
[EventDate "2018.??.??"]

1. d4 d5 2. c4 c6 3. Nf3 Nf6 4. e3 a6 5. Nc3 Bf5 6. Qb3 b5 7. c5 a5 8. Ne5 a4
9. Qd1 g6 10. a3 Bg7 11. Be2 Qc7 12. O-O Nbd7 13. Nxc6 1/2-1/2

[Event "2BLO 1718 Bindlach-Aktionär - Erfurter "]
[Site "?"]
[Date "2018.02.04"]
[Round "8.4"]
[White "Cech, Pavel"]
[Black "Kuczynski, Robert"]
[Result "1/2-1/2"]
[WhiteElo "2367"]
[BlackElo "2494"]
[PlyCount "29"]
[EventDate "2018.??.??"]

1. d4 d5 2. c4 c6 3. Nf3 Nf6 4. Nc3 e6 5. cxd5 cxd5 6. Bf4 Nc6 7. e3 Be7 8. h3
O-O 9. Bd3 Bd6 10. Bxd6 Qxd6 11. O-O Bd7 12. Rc1 Rfc8 13. Qe2 Be8 14. Rfd1 Qe7
15. Qd2 1/2-1/2

[Event "2BLO 1718 Bindlach-Aktionär - Erfurter "]
[Site "?"]
[Date "2018.02.04"]
[Round "8.5"]
[White "Enders, Peter"]
[Black "Wall, Gavin"]
[Result "1-0"]
[WhiteElo "2434"]
[BlackElo "2337"]
[PlyCount "53"]
[EventDate "2018.??.??"]

1. b3 e5 2. Bb2 d6 3. e3 g6 4. d4 Bg7 5. Nf3 Nd7 6. Be2 Ngf6 7. dxe5 Ng4 8. Nc3
Ngxe5 9. Qd2 Nb6 10. O-O-O Qe7 11. Nxe5 dxe5 12. Nb5 O-O 13. Ba3 c5 14. Qd6 Qg5
15. Nc7 Rb8 16. Ne8 Rxe8 17. Qxb8 Qxg2 18. Qxa7 Qxf2 19. Qxb6 Qxe3+ 20. Kb1
Qxe2 21. Rd8 Rf8 22. Bxc5 Bf5 23. Rc1 Qxh2 24. Bxf8 Bxf8 25. Qd6 Qh6 26. Qxe5
b6 27. Rcd1 1-0

[Event "2BLO 1718 Bindlach-Aktionär - Erfurter "]
[Site "?"]
[Date "2018.02.04"]
[Round "8.7"]
[White "Troyke, Christian"]
[Black "Krensing, Jan"]
[Result "1-0"]
[WhiteElo "2348"]
[BlackElo "2332"]
[PlyCount "71"]
[EventDate "2018.??.??"]

1. g3 e5 2. c4 Nf6 3. Bg2 d5 4. cxd5 Nxd5 5. Nc3 Nb6 6. Nf3 Nc6 7. O-O Be7 8.
b3 O-O 9. Bb2 Be6 10. Rc1 f5 11. d3 Bf6 12. Qc2 Rf7 13. Qb1 Qd7 14. Rfd1 Nd4
15. e3 Nxf3+ 16. Bxf3 c6 17. Bg2 h5 18. Qa1 h4 19. Ne2 Re8 20. Rc5 f4 21. exf4
exf4 22. Nxf4 Bxb2 23. Qxb2 Rxf4 24. gxf4 Bd5 25. h3 Bxg2 26. Kxg2 Nd5 27. Qd4
Qf5 28. Rxd5 cxd5 29. Rc1 Re2 30. Rc5 Qg6+ 31. Kf1 Rxa2 32. Rxd5 Rd2 33. Ke1
Rc2 34. Ra5 Qe6+ 35. Re5 Qg6 36. Qd5+ 1-0

[Event "2BLO 1718 Bindlach-Aktionär - Erfurter "]
[Site "?"]
[Date "2018.02.04"]
[Round "8.8"]
[White "Wetscherek, Andreas"]
[Black "Steinacker, Alex"]
[Result "1/2-1/2"]
[WhiteElo "2335"]
[BlackElo "2267"]
[PlyCount "75"]
[EventDate "2018.??.??"]

1. d4 g6 2. e4 Bg7 3. c4 d6 4. Nc3 Nf6 5. Be2 O-O 6. Nf3 e5 7. O-O Nc6 8. d5
Ne7 9. Ne1 Nd7 10. Be3 f5 11. f3 f4 12. Bf2 g5 13. Rc1 Ng6 14. Nb5 b6 15. b4 a6
16. Nc3 h5 17. Na4 Rf7 18. c5 b5 19. cxd6 cxd6 20. Nc3 Nf6 21. a4 bxa4 22. Nxa4
g4 23. Nb6 g3 24. Nxa8 gxf2+ 25. Rxf2 Bb7 26. Qa4 Qxa8 27. Ra1 Qd8 28. Bxa6 Qb6
29. Qa5 Qa7 30. Bxb7 Qxb7 31. Rc2 Bf8 32. b5 Qb8 33. Rc6 Rb7 34. Rb1 Nd7 35.
Ra6 Qc8 36. Rc6 Qb8 37. Ra6 Qc8 38. Rc6 1/2-1/2

[Event "2BLO 1718 SC Garching - SC NT Nürnberg"]
[Site "?"]
[Date "2018.02.04"]
[Round "8.1"]
[White "Milov, Leonid"]
[Black "Stocek, Jiri"]
[Result "0-1"]
[WhiteElo "2447"]
[BlackElo "2563"]
[PlyCount "140"]
[EventDate "2018.??.??"]

1. e4 e6 2. d4 d5 3. Nc3 Bb4 4. Nge2 Nc6 5. a3 Ba5 6. Be3 Nge7 7. Qd3 dxe4 8.
Qxe4 Nd5 9. b4 Nxe3 10. fxe3 Bb6 11. Na4 Ne7 12. c4 c6 13. Nxb6 axb6 14. Nf4
Ng6 15. Be2 Qe7 16. O-O e5 17. Nxg6 hxg6 18. Qxe5 Qxe5 19. dxe5 Ke7 20. a4 Rd8
21. Ra2 Bf5 22. Rfa1 Bd3 23. Kf2 Bxe2 24. Kxe2 Rh8 25. h3 Rh4 26. Kd3 Rd8+ 27.
Kc3 Re4 28. Re1 Ke6 29. Rf2 g5 30. Rf3 b5 31. cxb5 cxb5 32. axb5 Rc8+ 33. Kd3
Rxb4 34. Rg3 Rb3+ 35. Ke2 Rb2+ 36. Kf1 f6 37. exf6 gxf6 38. Rg4 Rxb5 39. Re2
Rf5+ 40. Ke1 Rc1+ 41. Kd2 Ra1 42. Rb4 Rd5+ 43. Kc3 b5 44. e4 Rc5+ 45. Kd4 Kd6
46. Reb2 Kc6 47. R4b3 Re5 48. Rf2 Re6 49. Rfb2 Rd1+ 50. Ke3 Re5 51. Rf2 Re1+
52. Kd2 R1xe4 53. Rxf6+ Kc5 54. Rf2 b4 55. Rg3 Rc4 56. Rff3 Kb5 57. Rd3 Rec5
58. Ke3 Rc3 59. Kd4 R5c4+ 60. Kd5 Rc8 61. Ke4 Ka4 62. Kf5 Rxd3 63. Rxd3 Rc3 64.
Rd2 Rg3 65. Kg6 b3 66. Kh5 Ka3 67. h4 g4 68. Kg5 b2 69. Rd1 Rxg2 70. h5 Ka2 0-1

[Event "2BLO 1718 SC Garching - SC NT Nürnberg"]
[Site "?"]
[Date "2018.02.04"]
[Round "8.2"]
[White "Renner, Christoph"]
[Black "Mischustov, Michael"]
[Result "0-1"]
[WhiteElo "2343"]
[BlackElo "2323"]
[PlyCount "160"]
[EventDate "2018.??.??"]

1. e4 e6 2. Qe2 c5 3. Nf3 Nc6 4. g3 Nge7 5. Bg2 g6 6. h4 h6 7. O-O Bg7 8. d3 d6
9. c3 e5 10. Na3 O-O 11. h5 Bg4 12. hxg6 fxg6 13. Qe3 g5 14. Nh2 Be6 15. Qe2
Qd7 16. Nc4 Rad8 17. a4 d5 18. exd5 Nxd5 19. Re1 Bf5 20. Be4 Nf6 21. Bxf5 Qxf5
22. Be3 b6 23. Rad1 Nd5 24. Bc1 Rd7 25. Ng4 h5 26. Nh2 g4 27. Rf1 Qg6 28. Qe4
Nde7 29. Kg2 Rfd8 30. Qxg6 Nxg6 31. Bg5 Nge7 32. Rfe1 Kf7 33. f3 Rxd3 34. Rxd3
Rxd3 35. fxg4 hxg4 36. Bxe7 Kxe7 37. Nxg4 Ke6 38. Nf2 Rd7 39. Rh1 Ne7 40. Kf3
Nd5 41. Ne4 Nf6 42. Nxf6 Bxf6 43. Rh6 Rd3+ 44. Kg4 Rd7 45. Ne3 Rd3 46. Nf5 Rd7
47. Rg6 Rd2 48. Nh6 Rxb2 49. Kf3 Rc2 50. g4 Rxc3+ 51. Kg2 Rc2+ 52. Kg3 Rc1 53.
Kg2 Ke7 54. g5 Bxg5 55. Rxg5 Kf6 56. Rg4 Rc2+ 57. Kg3 Rc3+ 58. Kg2 Rb3 59. Ng8+
Kf7 60. Nh6+ Ke6 61. Rg7 a5 62. Ng4 e4 63. Kf2 Ra3 64. Ne3 Rxa4 65. Rg6+ Ke5
66. Rxb6 Ra2+ 67. Ke1 a4 68. Kd1 Kd4 69. Nc2+ Kc3 70. Rc6 c4 71. Ne3 Kd3 72.
Kc1 Kxe3 73. Rxc4 a3 74. Kb1 Rd2 75. Ra4 Rd3 76. Kc2 Kf3 77. Ra8 Ke2 78. Rh8 a2
79. Rh1 Ra3 80. Rh2+ Kf1 0-1

[Event "2BLO 1718 SC Garching - SC NT Nürnberg"]
[Site "?"]
[Date "2018.02.04"]
[Round "8.3"]
[White "Kirchner, Thomas"]
[Black "Rusche, Johannes"]
[Result "1-0"]
[WhiteElo "2325"]
[BlackElo "2285"]
[PlyCount "99"]
[EventDate "2018.??.??"]

1. e4 e5 2. Nf3 Nc6 3. Bc4 Nf6 4. d3 Be7 5. O-O O-O 6. Re1 d6 7. c3 Na5 8. Bb5
a6 9. Ba4 b5 10. Bc2 c5 11. Nbd2 Nc6 12. Nf1 Re8 13. Ng3 Bf8 14. h3 h6 15. d4
cxd4 16. cxd4 exd4 17. Nxd4 Nxd4 18. Qxd4 Be6 19. Bd2 Rc8 20. Bd3 Bc4 21. Bb1
Be6 22. Bc3 Nd7 23. Kh2 Qh4 24. Bd3 Ne5 25. Be2 Qf4 26. Kg1 g6 27. Rad1 Rc6 28.
a4 Bc4 29. axb5 axb5 30. Bxc4 Rxc4 31. Qb6 d5 32. Qxb5 Rb8 33. Qxd5 Rc5 34. Qd4
Rcb5 35. Re3 Qh4 36. Kh1 Bg7 37. Rd2 Bf6 38. Qa4 Bg5 39. Nf1 Bxe3 40. Nxe3 Qg5
41. Nd5 Rb3 42. Qd4 Rxc3 43. Qxc3 Nd7 44. f4 Qh4 45. Kh2 g5 46. g3 Qh5 47. g4
Qh4 48. Ne7+ Kf8 49. Nf5 Qe1 50. Qh8# 1-0

[Event "2BLO 1718 SC Garching - SC NT Nürnberg"]
[Site "?"]
[Date "2018.02.04"]
[Round "8.4"]
[White "Bredl, Harald"]
[Black "Promyshlyanskyy, Vitaliy"]
[Result "1/2-1/2"]
[WhiteElo "2307"]
[BlackElo "2303"]
[PlyCount "36"]
[EventDate "2018.??.??"]

1. d4 Nf6 2. c4 e6 3. Nc3 Bb4 4. Qc2 Nc6 5. e3 e5 6. d5 Ne7 7. Nf3 Bxc3+ 8.
Qxc3 d6 9. b3 O-O 10. Be2 Ne4 11. Qc2 f5 12. O-O Ng6 13. Ne1 a5 14. f3 Nc5 15.
Nd3 b6 16. f4 Qe7 17. Nxc5 bxc5 18. Bd3 Bd7 {(=)} 1/2-1/2

[Event "2BLO 1718 SC Garching - SC NT Nürnberg"]
[Site "?"]
[Date "2018.02.04"]
[Round "8.5"]
[White "Martin, Thomas"]
[Black "Koepke, Christian"]
[Result "1-0"]
[WhiteElo "2279"]
[BlackElo "2327"]
[PlyCount "72"]
[EventDate "2018.??.??"]

1. e4 c5 2. c3 d5 3. exd5 Qxd5 4. d4 g6 5. dxc5 Qxc5 6. Be3 Qc7 7. Na3 a6 8.
Nc4 Nd7 9. Qf3 Bh6 10. Rd1 Bxe3 11. Qxe3 Kf8 12. Nf3 Kg7 13. Be2 Ngf6 14. O-O
b5 15. Nce5 Nxe5 16. Nxe5 Be6 17. Bf3 Rad8 18. Nc6 Rc8 19. a3 Bg4 20. Nxe7 Rhe8
21. Bxg4 Rxe7 22. Qxe7 Qxe7 23. Bxc8 Qc7 24. Bh3 Ne4 25. g3 Qc4 26. Rfe1 Ng5
27. Bg2 Qb3 28. Rd2 Ne6 29. Bd5 Qa4 30. Bxe6 fxe6 31. Rxe6 a5 32. h4 Kh6 33.
Re7 Qb3 34. g4 Qa2 35. Rdd7 Qb1+ 36. Kh2 Qh1+ 1-0

[Event "2BLO 1718 SC Garching - SC NT Nürnberg"]
[Site "?"]
[Date "2018.02.04"]
[Round "8.6"]
[White "Hess, Max"]
[Black "Stadler, Simon"]
[Result "1-0"]
[WhiteElo "2340"]
[BlackElo "2194"]
[PlyCount "131"]
[EventDate "2018.??.??"]

1. d4 d6 2. e4 Nf6 3. Nc3 e5 4. Nf3 Nbd7 5. Bc4 Be7 6. a4 O-O 7. a5 exd4 8.
Qxd4 h6 9. O-O Ng4 10. a6 Nb6 11. axb7 Bxb7 12. Ba6 Bf6 13. Qd3 Bxa6 14. Rxa6
Nd7 15. Ra3 Nc5 16. Qc4 Re8 17. Re1 Bxc3 18. Rxc3 Qf6 19. Bd2 Rab8 20. b4 Ne6
21. Ra3 c5 22. bxc5 Nxc5 23. h3 Ne5 24. Nxe5 Qxe5 25. Rxa7 Qe6 26. Qd4 Re7 27.
Bc3 f6 28. Rxe7 Qxe7 29. f3 Rc8 30. Bb4 Kh7 31. Rd1 Ne6 32. Qd3 Qa7+ 33. Kh1
Nf4 34. Qxd6 Ng6 35. c3 Ra8 36. Qc6 Ne5 37. Qd5 Qa4 38. Qd2 Ra7 39. Bc5 Rc7 40.
Bd4 Nc4 41. Qe1 Rc8 42. Ra1 Qc6 43. Ra7 Rc7 44. Rxc7 Qxc7 45. Qb1 Kh8 46. Qb5
Qc8 47. f4 Nd2 48. Qe2 Nc4 49. e5 fxe5 50. Bxe5 Qc6 51. Qd3 Qc8 52. Qd4 Qg8 53.
Bxg7+ Qxg7 54. Qxc4 Qg3 55. Qc8+ Kh7 56. Qf5+ Kh8 57. c4 Qe1+ 58. Kh2 Qc1 59.
c5 Kg7 60. Qe5+ Kf7 61. f5 h5 62. Qe6+ Kf8 63. Qd6+ Kf7 64. c6 h4 65. c7 Kg7
66. Qe7+ 1-0

[Event "2BLO 1718 SC Garching - SC NT Nürnberg"]
[Site "?"]
[Date "2018.02.04"]
[Round "8.7"]
[White "Heimrath, Reiner"]
[Black "Seifert, Volker"]
[Result "0-1"]
[WhiteElo "2200"]
[BlackElo "2312"]
[PlyCount "62"]
[EventDate "2018.??.??"]

1. Nf3 e6 2. g3 d5 3. Bg2 Nf6 4. c4 Be7 5. O-O O-O 6. d4 c6 7. Nbd2 Nbd7 8. b3
b6 9. Bb2 Bb7 10. Rc1 Rc8 11. Qc2 c5 12. Qb1 dxc4 13. Nxc4 b5 14. Ne3 Be4 15.
Qa1 Qb6 16. Ne5 Bxg2 17. Nxd7 Nxd7 18. Nxg2 Bf6 19. dxc5 Rxc5 20. Rxc5 Qxc5 21.
Rc1 Qb6 22. Nf4 Rd8 23. Nd3 h6 24. Bxf6 Nxf6 25. Qe5 Nd5 26. Nb4 Nxb4 27. g4
Qd4 28. Qg3 Nxa2 29. Rc7 Qd1+ 30. Kg2 Qd5+ 31. Kg1 Qe4 0-1

[Event "2BLO 1718 SC Garching - SC NT Nürnberg"]
[Site "?"]
[Date "2018.02.04"]
[Round "8.8"]
[White "Dehlinger, Alexander"]
[Black "Epding, Olaf"]
[Result "1/2-1/2"]
[WhiteElo "2284"]
[BlackElo "2245"]
[PlyCount "254"]
[EventDate "2018.??.??"]

1. Nf3 d5 2. d4 Nf6 3. c4 e6 4. g3 Be7 5. Bg2 O-O 6. O-O dxc4 7. Qc2 a6 8. a4
Bd7 9. Rd1 Bc6 10. Nc3 Bxf3 11. Bxf3 Nc6 12. Bxc6 bxc6 13. Bg5 Nd5 14. Bxe7
Qxe7 15. Ne4 Qb4 16. Rdc1 Rfd8 17. e3 c5 18. Nxc5 e5 19. Qxc4 exd4 20. Qxd4
Qxd4 21. exd4 Ne7 22. Nb7 Rxd4 23. Rxc7 Ng6 24. Nc5 h5 25. Re1 h4 26. Kg2 a5
27. b3 Rd5 28. Ne4 Rb8 29. Rc5 Rd3 30. Rxa5 Rdxb3 31. Ng5 f6 32. Nh3 Ra3 33.
Re4 hxg3 34. hxg3 Rb7 35. Re8+ Kf7 36. Rea8 Rab3 37. R5a7 Ne7 38. Nf4 g5 39.
Rxb7 Rxb7 40. Nd3 Rb3 41. Nc5 Ra3 42. Ra6 g4 43. Ne4 f5 44. Nd6+ Kg7 45. Nc4
Ra1 46. Ne3 Kf7 47. a5 Kg7 48. Re6 Kf7 49. Re5 Kf6 50. Rb5 Kg5 51. Nc2 Ra4 52.
Rc5 Kf6 53. Ne3 Ra1 54. Rb5 Kg5 55. Nc2 Ra4 56. Rc5 Kf6 57. Kf1 Ke6 58. Ke2 Kd6
59. Rb5 Nd5 60. Kd3 f4 61. gxf4 Nxf4+ 62. Kc3 Nd5+ 63. Kb3 Rf4 64. a6 Rf3+ 65.
Kb2 Rf8 66. a7 Ra8 67. Ra5 Nf4 68. Rf5 Nd3+ 69. Kc3 Nxf2 70. Rxf2 Rxa7 71. Kd4
Ra4+ 72. Ke3 Ke5 73. Rf8 Re4+ 74. Kd3 Ra4 75. Ne3 Ra3+ 76. Ke2 Ra2+ 77. Kf1 g3
78. Kg1 Ke4 79. Nf1 Ke5 80. Nxg3 Rb2 81. Kf1 Ra2 82. Ne2 Ra6 83. Rb8 Rf6+ 84.
Kg2 Rg6+ 85. Kf3 Ra6 86. Rb5+ Kd6 87. Ke4 Ra1 88. Nc3 Rh1 89. Kd4 Ke6 90. Re5+
Kd6 91. Ne4+ Kc6 92. Re6+ Kc7 93. Nc3 Kd7 94. Ra6 Rh5 95. Nd5 Rh1 96. Nf6+ Ke7
97. Ke5 Re1+ 98. Ne4 Kd7 99. Ra7+ Kc6 100. Re7 Kb5 101. Re6 Rh1 102. Re8 Rh5+
103. Kd4 Rh1 104. Nc3+ Kc6 105. Re6+ Kd7 106. Ra6 Rh5 107. Ne4 Rh1 108. Kd5
Rd1+ 109. Ke5 Re1 110. Ra4 Kc6 111. Kd4 Rd1+ 112. Kc4 Rc1+ 113. Nc3 Kd6 114.
Kd4 Rh1 115. Ne4+ Ke6 116. Ra6+ Kf7 117. Ng3 Re1 118. Kd5 Rd1+ 119. Ke5 Re1+
120. Ne4 Rb1 121. Nd6+ Kg6 122. Nf5+ Kg5 123. Ne3 Rb5+ 124. Ke4 Rb4+ 125. Kf3
Rb3 126. Ra5+ Kf6 127. Rc5 Ra3 1/2-1/2

[Event "2BLO 1718 SC NT Nürnberg - Nickelhütte "]
[Site "?"]
[Date "2018.02.24"]
[Round "9.1"]
[White "Papp, Gabor"]
[Black "Maximov, Dmitry"]
[Result "1-0"]
[WhiteElo "2599"]
[BlackElo "2472"]
[PlyCount "65"]
[EventDate "2018.??.??"]

1. e4 c5 2. Nf3 d6 3. d4 cxd4 4. Nxd4 Nf6 5. Nc3 Nc6 6. Bg5 e6 7. Qd2 a6 8.
O-O-O Bd7 9. f4 b5 10. Bxf6 gxf6 11. Kb1 Qb6 12. Nce2 h5 13. h4 Rc8 14. Rh3 Na5
15. Qe1 Nc4 16. Rb3 Qc5 17. Ng3 Bh6 18. Bxc4 bxc4 19. Rf3 Rb8 20. Qc3 Bf8 21.
a3 Be7 22. Nf1 Bd8 23. Ne3 Rc8 24. Ne2 Ke7 25. e5 fxe5 26. fxe5 d5 27. Nxd5+
Kf8 28. Nf6 Bc6 29. Nd4 Qxe5 30. Re1 Qa5 31. Nxe6+ fxe6 32. Nd5+ Kg8 33. Rf8+
1-0

[Event "2BLO 1718 SC NT Nürnberg - Nickelhütte "]
[Site "?"]
[Date "2018.02.24"]
[Round "9.2"]
[White "Milov, Leonid"]
[Black "Antal, Gergely"]
[Result "1-0"]
[WhiteElo "2447"]
[BlackElo "2531"]
[PlyCount "101"]
[EventDate "2018.??.??"]

1. e4 c6 2. d4 d5 3. Nd2 dxe4 4. Nxe4 Bf5 5. Ng3 Bg6 6. Nh3 Nf6 7. Bc4 e6 8.
O-O Nbd7 9. f4 Nb6 10. Bb3 Qd7 11. c3 Be7 12. Qf3 a5 13. a4 O-O 14. f5 exf5 15.
Nxf5 Nbd5 16. Bg5 Bxf5 17. Qxf5 Qxf5 18. Rxf5 h6 19. Bxf6 Nxf6 20. Nf4 Bd6 21.
Nd3 Rfe8 22. Raf1 Re7 23. Ne5 Bxe5 24. Rxe5 Rae8 25. Rff5 Rxe5 26. Rxe5 Rxe5
27. dxe5 Ne4 28. Bc2 Nc5 29. Kf2 Kf8 30. Ke3 Ke7 31. Kd4 Ne6+ 32. Kc4 Kd8 33.
b4 axb4 34. cxb4 Kc7 35. Bd1 b6 36. g3 c5 37. bxc5 Nxc5 38. Kd5 Ne6 39. Bg4 Nd8
40. Bh5 g6 41. Bd1 h5 42. Bb3 Kd7 43. Bc4 Ke7 44. Bb5 h4 45. g4 h3 46. Bf1 f6
47. Bxh3 Ne6 48. Bf1 f5 49. h3 f4 50. Kc6 Nc5 51. a5 1-0

[Event "2BLO 1718 SC NT Nürnberg - Nickelhütte "]
[Site "?"]
[Date "2018.02.24"]
[Round "9.3"]
[White "Meijers, Viesturs"]
[Black "Yelisieiev, Yevhenii"]
[Result "1-0"]
[WhiteElo "2476"]
[BlackElo "2378"]
[PlyCount "71"]
[EventDate "2018.??.??"]

1. d4 d5 2. Nf3 Nf6 3. g3 e6 4. Bg2 c6 5. O-O Bd6 6. b3 O-O 7. Bb2 Nbd7 8. c4
dxc4 9. bxc4 Re8 10. e3 Qa5 11. Nbd2 e5 12. Nb3 Qb4 13. c5 Bc7 14. Qc2 exd4 15.
Nfxd4 Ne5 16. Rfc1 Qa4 17. h3 Bd7 18. Qe2 Rad8 19. Bf1 Nd5 20. a3 Bc8 21. Rab1
b5 22. Nd2 Ba5 23. N2f3 Nxf3+ 24. Qxf3 Bd2 25. Rd1 Nc3 26. Bxc3 Bxc3 27. Nxc6
Rxd1 28. Rxd1 Bf6 29. e4 Bb7 30. e5 Rxe5 31. Rd7 Bxc6 32. Qxc6 Qe4 33. Qxe4
Rxe4 34. c6 a6 35. c7 Re8 36. Bg2 1-0

[Event "2BLO 1718 SC NT Nürnberg - Nickelhütte "]
[Site "?"]
[Date "2018.02.24"]
[Round "9.4"]
[White "Mischustov, Michael"]
[Black "Slobodjan, Roman"]
[Result "1-0"]
[WhiteElo "2323"]
[BlackElo "2475"]
[PlyCount "69"]
[EventDate "2018.??.??"]

1. e4 c6 2. Nc3 d5 3. Nf3 dxe4 4. Nxe4 Nf6 5. Nxf6+ exf6 6. d4 Bd6 7. Bd3 O-O
8. O-O Re8 9. Re1 Be6 10. c4 Nd7 11. Bd2 Nf8 12. Qc2 Qd7 13. Nh4 Rad8 14. Bc3
b5 15. b3 Bc7 16. Rad1 bxc4 17. bxc4 Bg4 18. Be2 Qd6 19. g3 Bxe2 20. Rxe2 Rxe2
21. Qxe2 Qa3 22. Qc2 Ne6 23. Nf5 Bb6 24. d5 cxd5 25. Rxd5 Re8 26. Qb3 Qc1+ 27.
Rd1 Qg5 28. Qb5 Nc7 29. Ne7+ Kf8 30. Qxg5 fxg5 31. Rd7 Na6 32. Nd5 Rc8 33. Nxb6
axb6 34. Rb7 Rxc4 35. Rxb6 1-0

[Event "2BLO 1718 SC NT Nürnberg - Nickelhütte "]
[Site "?"]
[Date "2018.02.24"]
[Round "9.5"]
[White "Gaponenko, Inna"]
[Black "Kirchner, Thomas"]
[Result "0-1"]
[WhiteElo "2410"]
[BlackElo "2325"]
[PlyCount "71"]
[EventDate "2018.??.??"]

1. e4 e5 2. Nf3 Nc6 3. Bb5 a6 4. Ba4 Nf6 5. O-O b5 6. Bb3 Be7 7. Re1 O-O 8. a4
Bb7 9. d3 d6 10. Nc3 b4 11. Ne2 Na5 12. Ba2 Rb8 13. Ng3 c5 14. Nf5 Bc8 15.
Nxe7+ Qxe7 16. Bg5 h6 17. Bxf6 Qxf6 18. Nd2 Be6 19. Bc4 Bxc4 20. Nxc4 Nc6 21.
a5 Qe6 22. Ne3 Ne7 23. c3 f5 24. exf5 Nxf5 25. Qg4 bxc3 26. bxc3 Kh8 27. Nxf5
Rxf5 28. d4 cxd4 29. cxd4 Rb2 30. dxe5 Rbxf2 31. h3 dxe5 32. Rab1 Qd5 33. Qg3
Rd2 34. Rb8+ Kh7 35. h4 Qd4+ 36. Re3 0-1

[Event "2BLO 1718 SC NT Nürnberg - Nickelhütte "]
[Site "?"]
[Date "2018.02.24"]
[Round "9.6"]
[White "Promyshlyanskyy, Vitaliy"]
[Black "Spiess, Gunter"]
[Result "0-1"]
[WhiteElo "2303"]
[BlackElo "2428"]
[PlyCount "132"]
[EventDate "2018.??.??"]

1. e4 e6 2. d4 d5 3. Nd2 c5 4. exd5 Qxd5 5. Ngf3 cxd4 6. Bc4 Qd7 7. O-O Nc6 8.
Nb3 a6 9. Nbxd4 Nxd4 10. Nxd4 Qc7 11. Qe2 Bd6 12. Re1 Ne7 13. Nf3 Ng6 14. Bd2
Bd7 15. Rad1 O-O 16. Bd3 Bc6 17. Bxg6 hxg6 18. h3 Rad8 19. Bc3 Bd5 20. Ng5 Rfe8
21. Qg4 Bh2+ 22. Kh1 Qf4 23. Qxf4 Bxf4 24. h4 Rc8 25. a3 f6 26. Ne4 Red8 27.
Ba5 Re8 28. Bc3 Kf7 29. Kg1 b6 30. g3 Bb8 31. f3 Red8 32. Kg2 Rd7 33. Rd2 Rcd8
34. Red1 e5 35. a4 a5 36. b3 Ke6 37. Bb2 Bxe4 38. Rxd7 Rxd7 39. Rxd7 Bxf3+ 40.
Kxf3 Kxd7 41. Ke4 Ke6 42. Bc3 f5+ 43. Ke3 Bd6 44. Be1 Be7 45. Kd3 g5 46. hxg5
Bxg5 47. Bf2 Bd8 48. Kc4 f4 49. g4 e4 50. Kd4 e3 51. Be1 Be7 52. Ke4 g5 53. c3
Ba3 54. b4 Bc1 55. Kf3 Bd2 56. Bxd2 exd2 57. Ke2 Kd5 58. Kxd2 Kc4 59. bxa5 bxa5
60. Kc2 f3 61. Kd2 f2 62. Ke2 Kb3 63. Kxf2 Kxa4 64. Ke3 Kb3 65. Kd2 a4 66. Kc1
Kxc3 0-1

[Event "2BLO 1718 SC NT Nürnberg - Nickelhütte "]
[Site "?"]
[Date "2018.02.24"]
[Round "9.7"]
[White "Langrock, Hannes"]
[Black "Heimrath, Reiner"]
[Result "1/2-1/2"]
[WhiteElo "2394"]
[BlackElo "2200"]
[PlyCount "29"]
[EventDate "2018.??.??"]

1. d4 Nf6 2. c4 g6 3. g3 Bg7 4. Bg2 O-O 5. Nc3 d6 6. Nf3 Nc6 7. O-O Rb8 8. b3
a6 9. d5 Na7 10. Bg5 b5 11. cxb5 axb5 12. b4 Bd7 13. Rc1 Nc8 14. e4 Nb6 15. Re1
1/2-1/2

[Event "2BLO 1718 SC NT Nürnberg - Nickelhütte "]
[Site "?"]
[Date "2018.02.24"]
[Round "9.8"]
[White "Epding, Olaf"]
[Black "Eichner, Sebastian"]
[Result "1/2-1/2"]
[WhiteElo "2245"]
[BlackElo "2364"]
[PlyCount "205"]
[EventDate "2018.??.??"]

1. d4 d5 2. Bf4 Nf6 3. c3 c6 4. Nd2 Bf5 5. Ngf3 h6 6. h3 e6 7. e3 Bd6 8. Bxd6
Qxd6 9. Ne5 O-O 10. g4 Bh7 11. Bg2 Nfd7 12. f4 f6 13. Nxd7 Nxd7 14. O-O Bd3 15.
Rf2 e5 16. Nf3 Be4 17. Nh4 exf4 18. Rxf4 Bh7 19. Nf5 Qc7 20. Qd2 Rfe8 21. Re1
Re6 22. c4 Nb6 23. cxd5 Nxd5 24. Rff1 Rd8 25. e4 Ne7 26. Qc3 Bxf5 27. gxf5 Red6
28. e5 Rxd4 29. exf6 gxf6 30. Qe3 Nc8 31. Qxh6 Qg7 32. Qe3 Rd3 33. Qe6+ Kh7 34.
Kh1 Rg8 35. Qe4 Qg3 36. Re2 Rg7 37. Qf4 Nd6 38. Qxg3 Rdxg3 39. Rf4 R3g5 40. Rd2
Nf7 41. Kh2 Ne5 42. Be4 Re7 43. Rg2 Nf7 44. Bc2 c5 45. Re4 Rd7 46. Reg4 b5 47.
Be4 Rd4 48. Rxg5 Nxg5 49. Bc6 a6 50. Rc2 Kh6 51. Bb7 a5 52. Bc6 Rb4 53. b3 c4
54. bxc4 Rxc4 55. Rxc4 bxc4 56. h4 Nf7 57. Kg3 Nd6 58. Kf4 Kh5 59. Ke3 Nxf5+
60. Ke4 Nd6+ 61. Kd5 c3 62. Ba4 f5 63. Kd4 Ne4 64. Ke5 Kg4 65. Bd1+ Kxh4 66.
Kxf5 Nd6+ 67. Ke5 Nb5 68. Kd5 Na3 69. Kc5 Kg3 70. Kb6 Nc4+ 71. Kb5 Nb2 72. Bc2
Kf3 73. Kxa5 Ke3 74. Kb4 Kd2 75. Bb3 Nd3+ 76. Kc4 Nc1 77. Ba4 Nxa2 78. Kd4 Nb4
79. Kc4 Na6 80. Kd4 Nc7 81. Kc4 Ne6 82. Kd5 Ng5 83. Kc4 Ne4 84. Kd4 Nd6 85. Kd5
Nf5 86. Kc4 Ne3+ 87. Kd4 Nc2+ 88. Kc4 Ne1 89. Kd4 Nd3 90. Bb3 Nb2 91. Ke4 Nc4
92. Kd4 Ne3 93. Ba4 Nc2+ 94. Kc4 Ne1 95. Kd4 Nd3 96. Bb3 Nc1 97. Ba4 Na2 98.
Kc4 Kc1 99. Kb3 Kb1 100. Be8 c2 101. Bg6 Nc1+ 102. Kc3 Nd3 103. Bxd3 1/2-1/2

[Event "2BLO 1718 SC Garching - Bindlach-Aktion"]
[Site "?"]
[Date "2018.02.24"]
[Round "9.1"]
[White "Petr, Martin"]
[Black "Stocek, Jiri"]
[Result "1/2-1/2"]
[WhiteElo "2469"]
[BlackElo "2563"]
[PlyCount "118"]
[EventDate "2018.??.??"]

1. e4 e6 2. d4 d5 3. Nd2 c5 4. exd5 exd5 5. Ngf3 Nc6 6. Bb5 Qe7+ 7. Qe2 Qxe2+
8. Kxe2 a6 9. Bxc6+ bxc6 10. Re1 f6 11. dxc5 Bxc5 12. Nb3 Bd6 13. Be3 Rb8 14.
Bc5 Kd7 15. Nfd4 Bxc5 16. Nxc5+ Kd6 17. Ndb3 Nh6 18. Rad1 Ng4 19. c4 Re8+ 20.
Kd2 Rxe1 21. Kxe1 Rb4 22. cxd5 cxd5 23. Nd3 Re4+ 24. Kd2 Ne5 25. f3 Rh4 26. h3
Bf5 27. Nbc1 Rc4 28. b3 Rc7 29. Ke3 Rc3 30. g4 Bxd3 31. Nxd3 g5 32. Rd2 a5 33.
Kd4 Rc8 34. Ke3 Rc3 35. Kd4 Rc8 36. Ke3 Nxd3 37. Kxd3 Rc1 38. h4 gxh4 39. Rh2
Ra1 40. Rxh4 Rxa2 41. Rxh7 Rb2 42. Rb7 a4 43. Kc3 a3 44. Ra7 Rf2 45. Rxa3 Rxf3+
46. Kc2 Rg3 47. Ra4 Ke5 48. Rb4 d4 49. Rb8 Rxg4 50. b4 Rg2+ 51. Kd3 Rg3+ 52.
Kd2 Rb3 53. b5 f5 54. b6 Kf4 55. b7 d3 56. Ke1 Rb2 57. Kd1 Rb1+ 58. Kd2 Rb3 59.
Ke1 Rb2 1/2-1/2